LDR 00813naa#a2200193#i#450# 001 EN\\bibl\115710 005 20260429111831.3 011 ## _a1994-4683 100 ## _a20260429b2026####ek#y0engy0150####ca 102 ## _aRU 200 1# _aStructure of the training methodology for tactical and technical actions in 13–14-year-old ice hockey players based on decision-making in minimal game situations _eJournal article 210 1# _aMoscow _cNational State University of Physical Education, Sports and Health named after P.F. Lesgaft _d2026 215 ## _a6 с. 608 ## _aJournal article _2local 675 ## _aХоккей на льду с шайбой. 796.966 _z 700 #1 _aMalkov _gYaroslav Igorevich 700 #1 _aMihaylaki _gVladimir Konstantinovich 700 #1 _aGryaznov _gGrigoriy Andreevich 856 4# _auchzapiski.lesgaft.spb.ru _u